000 00376nam a2200145Ia 4500
008 210210b1978 xxu||||| |||| 00| 0 eng d
082 _a951 PALH
100 _aPALAFOX (Senor).
245 _aHistory of the conquest of China.
260 _aNew Delhi.
_bDeep & Deep Publications.,
_c1978
300 _a272
650 _aChina
690 _aAsian History
906 _aSG02673
999 _c113449
_d113449